Slovenský alebo rakúsky? Cezhraničné nakupovanie slovenských spotrebiteľov v Rakúsku

Salvato in:
Dettagli Bibliografici
Autore principale: Bilková, Kristína
Altri autori: Barlík, Peter, Križan, František, Kita, Pavol, Zeman, Milan
Natura: Capitolo di libro
Lingua:slovacco
Soggetti:
Tags: Aggiungi Tag
Nessun Tag, puoi essere il primo ad aggiungerne!!

MARC

LEADER 00000naa$a2200000$$$4500
001 0239768
005 20240502073904.5
041 0 |a slo 
044 |a SK 
245 1 0 |a Slovenský alebo rakúsky? Cezhraničné nakupovanie slovenských spotrebiteľov v Rakúsku  |c Kristína Bilková, Peter Barlík, František Križan, Pavol Kita, Milan Zeman 
610 2 0 |a spotreba 
610 2 0 |a správanie spotrebiteľa 
610 2 0 |a spotrebitelia 
610 2 0 |a Slovensko 
610 2 0 |a Rakúsko 
610 2 0 |a spolupráca medzinárodná 
610 2 0 |a dopyt 
610 2 0 |a nákup 
610 2 0 |a maloobchod 
100 1 |a Bilková, Kristína 
700 1 |a Barlík, Peter 
700 1 |a Križan, František 
700 1 |a Kita, Pavol 
700 1 |a Zeman, Milan